[Event "Ifjusagi csapatbajnoksag"]
[Site "Budapest"]
[Date "2015.08.28"]
[Round "5.1"]
[White "Markoja, Boris"]
[Black "Farkas, Richard"]
[Result "1/2-1/2"]
[WhiteElo "2310"]
[BlackElo "2267"]
[PlyCount "35"]
[EventDate "2015.??.??"]

1. c4 c5 2. Nf3 Nc6 3. d4 cxd4 4. Nxd4 g6 5. e4 Nf6 6. Nc3 Bg7 7. Nc2 O-O 8.
Be2 d6 9. O-O Nd7 10. Bd2 b6 11. Rc1 Bb7 12. f3 Rc8 13. b3 Nc5 14. Kh1 Re8 15.
Qe1 Ne6 16. Be3 Ned4 17. Nxd4 Nxd4 18. Qd2 1/2-1/2

[Event "Ifjusagi csapatbajnoksag"]
[Site "Budapest"]
[Date "2015.08.28"]
[Round "5.2"]
[White "Marjanovics, Annamaria"]
[Black "Zsirai, Peter"]
[Result "1/2-1/2"]
[WhiteElo "2234"]
[BlackElo "2270"]
[PlyCount "65"]
[EventDate "2015.??.??"]

1. d4 d6 2. e4 Nf6 3. Nc3 c6 4. f4 Qa5 5. Bd3 e5 6. Nf3 exd4 7. Nxd4 g6 8. O-O
Bg7 9. Kh1 O-O 10. f5 b5 11. Qf3 b4 12. Nce2 Bb7 13. c4 Nbd7 14. Bf4 Qc7 15.
Rad1 Rae8 16. Ng3 Ne5 17. Bxe5 Rxe5 18. Qf4 c5 19. Nf3 Re7 20. Bc2 Rfe8 21.
Qxd6 Qxd6 22. Rxd6 Bxe4 23. Ba4 Rc8 24. fxg6 Bxg6 25. Rfd1 h6 26. Nh4 Kh7 27.
Nxg6 fxg6 28. h3 Ne8 29. Rd7 Rxd7 30. Rxd7 Rc7 31. Ne4 Rxd7 32. Bxd7 Nc7 33. b3
1/2-1/2

[Event "Ifjusagi csapatbajnoksag"]
[Site "Budapest"]
[Date "2015.08.28"]
[Round "5.3"]
[White "Krstulovic, Alex"]
[Black "Urhegyi, Marton"]
[Result "0-1"]
[WhiteElo "2119"]
[BlackElo "2156"]
[PlyCount "68"]
[EventDate "2015.??.??"]

1. d4 d5 2. c4 dxc4 3. Nf3 Nf6 4. e3 a6 5. Bxc4 e6 6. O-O b5 7. Bd3 c5 8. Qe2
Nbd7 9. a4 b4 10. e4 cxd4 11. e5 Nd5 12. Nxd4 Bb7 13. Nxe6 fxe6 14. Qh5+ Ke7
15. Bg5+ N7f6 16. exf6+ gxf6 17. Bh6 Bxh6 18. Qxh6 Qf8 19. Qxf8+ Rhxf8 20. Nd2
Nf4 21. Be4 Bxe4 22. Nxe4 Rac8 23. Rad1 Rc2 24. Rfe1 f5 25. Ng3 Kf6 26. Rd4 Nd5
27. Nh5+ Kf7 28. Ng3 Rd8 29. b3 Rc3 30. Rb1 Rdc8 31. Kf1 Rc1+ 32. Rd1 Rxb1 33.
Rxb1 Rc2 34. Ne2 Rxe2 0-1

[Event "Ifjusagi csapatbajnoksag"]
[Site "Budapest"]
[Date "2015.08.28"]
[Round "5.4"]
[White "Polyik, Peter"]
[Black "Felde, Bence"]
[Result "1-0"]
[WhiteElo "2178"]
[BlackElo "1930"]
[PlyCount "61"]
[EventDate "2015.??.??"]

1. d4 Nf6 2. c4 e6 3. Nf3 b6 4. g3 Bb7 5. Bg2 Be7 6. O-O O-O 7. Nc3 Ne4 8. Qc2
Nxc3 9. Qxc3 f5 10. Be3 Bf6 11. Qd2 Qe8 12. Rac1 a5 13. a3 a4 14. d5 e5 15. c5
bxc5 16. Rxc5 c6 17. Ne1 Na6 18. dxc6 Bxc6 19. Bxc6 dxc6 20. Rc4 Nc7 21. Qc2
Nd5 22. Bc5 Rf7 23. Rxa4 Rb8 24. Ng2 f4 25. e4 fxe3 26. Nxe3 Nxe3 27. Bxe3 Rfb7
28. b4 Qe6 29. Ra6 Rc7 30. Rc1 Rbc8 31. b5 1-0

[Event "Ifjusagi csapatbajnoksag"]
[Site "Budapest"]
[Date "2015.08.28"]
[Round "5.5"]
[White "Haselbach, David"]
[Black "Kiss, Peter"]
[Result "1-0"]
[WhiteElo "2053"]
[BlackElo "1966"]
[PlyCount "92"]
[EventDate "2015.??.??"]

1. e4 Nf6 2. e5 Nd5 3. d4 d6 4. c4 Nb6 5. exd6 cxd6 6. Nc3 g6 7. Be3 Bg7 8. Rc1
Nc6 9. b3 O-O 10. Nf3 Bg4 11. Be2 e5 12. dxe5 dxe5 13. O-O Re8 14. h3 Bf5 15.
c5 Nc8 16. Qxd8 Rxd8 17. Rfd1 Rxd1+ 18. Rxd1 e4 19. Nd4 Nxd4 20. Bxd4 Bxd4 21.
Rxd4 Ne7 22. g4 Be6 23. Nxe4 Rc8 24. Rb4 b6 25. cxb6 Nd5 26. Rd4 Rc1+ 27. Kh2
Nxb6 28. g5 Kf8 29. Rd1 Rc2 30. Rd2 Rc1 31. Nf6 Ke7 32. Ng8+ Kf8 33. Rd8+ Kg7
34. Nf6 Rc8 35. Rxc8 Nxc8 36. Bc4 Bf5 37. a4 Nd6 38. Bd5 h6 39. h4 hxg5 40.
hxg5 a5 41. Kg3 Kf8 42. Kf4 Ke7 43. Ke5 Bc2 44. Ng8+ Kd7 45. Nh6 Ke7 46. Kd4
Bb1 1-0

[Event "Ifjusagi csapatbajnoksag"]
[Site "Budapest"]
[Date "2015.08.28"]
[Round "5.7"]
[White "Csonka, Balazs"]
[Black "Egri, Laszlo Jr"]
[Result "1/2-1/2"]
[WhiteElo "2410"]
[BlackElo "2157"]
[PlyCount "104"]
[EventDate "2015.??.??"]

1. d4 Nf6 2. c4 c5 3. d5 e6 4. Nc3 exd5 5. cxd5 d6 6. Nf3 g6 7. Bf4 a6 8. a4
Bg7 9. h3 O-O 10. e3 Qe7 11. Be2 Nbd7 12. O-O b6 13. Nd2 Ne8 14. Nc4 Rb8 15.
Qb3 f5 16. Rfe1 Bf6 17. Bh2 Kg7 18. Rad1 Be5 19. Bxe5+ Nxe5 20. Nxb6 Qh4 21. a5
f4 22. Qa4 Bxh3 23. g3 Qh6 24. exf4 Ng4 25. Qe4 Rf5 26. Bf3 Kh8 27. Nd7 Nef6
28. Nxf6 Nxf6 29. Qe7 Bg4 30. Qe2 Rxb2 31. Bxg4 Rxe2 32. Bxe2 g5 33. fxg5 Qxg5
34. Bxa6 Ng4 35. Re8+ Kg7 36. Rde1 Qh5 37. R1e7+ Rf7 38. Ne4 Qh2+ 39. Kf1 Qh1+
40. Ke2 Qf3+ 41. Ke1 Ne5 42. Rxf7+ Qxf7 43. Re6 Qc7 44. Be2 Qxa5+ 45. Kf1 Qa1+
46. Kg2 Qa2 47. Bf3 Nxf3 48. Kxf3 Qxd5 49. Rxd6 Qb3+ 50. Kf4 c4 51. Rc6 Qb8+
52. Ke3 Qb3+ 1/2-1/2

[Event "Ifjusagi csapatbajnoksag"]
[Site "Budapest"]
[Date "2015.08.28"]
[Round "5.8"]
[White "Ugroczky, Peter"]
[Black "Dragnev, Valentin"]
[Result "1-0"]
[WhiteElo "2170"]
[BlackElo "2339"]
[PlyCount "87"]
[EventDate "2015.??.??"]

1. e4 c5 2. Nf3 e6 3. d4 cxd4 4. Nxd4 a6 5. Bd3 Qc7 6. c4 Nc6 7. Nxc6 dxc6 8.
O-O e5 9. Nc3 Bc5 10. Qe2 Be6 11. Be3 Bxe3 12. Qxe3 Ne7 13. b4 O-O 14. Rfd1 g6
15. Rac1 Rad8 16. b5 axb5 17. cxb5 c5 18. a4 Rd4 19. Ne2 Rxa4 20. Rxc5 Qb8 21.
Rdc1 Rd8 22. Bb1 b6 23. R5c3 Rb4 24. Bd3 Bd7 25. Qg5 Qd6 26. f4 Bxb5 27. fxe5
Qe6 28. Nf4 Qd7 29. Bxb5 Rxb5 30. Rd3 Qe8 31. Rxd8 Qxd8 32. Nd5 Kg7 33. Qf6+
Kh6 34. Nxe7 Qd4+ 35. Kh1 Qxe4 36. Ng8+ Kh5 37. Qxf7 Qxe5 38. Qxh7+ Kg5 39.
Qh6+ Kf5 40. Rf1+ Ke4 41. Re1+ Kd3 42. Qxg6+ Kd2 43. Rxe5 Rb1+ 44. Qxb1 1-0

[Event "Ifjusagi csapatbajnoksag"]
[Site "Budapest"]
[Date "2015.08.28"]
[Round "5.9"]
[White "Juhasz, Armin"]
[Black "Czupor, Attila"]
[Result "1-0"]
[WhiteElo "2315"]
[BlackElo "2125"]
[PlyCount "97"]
[EventDate "2015.??.??"]

1. Nf3 d5 2. g3 Nf6 3. Bg2 e6 4. O-O Bd6 5. c4 O-O 6. d4 c6 7. Nc3 Nbd7 8. Nd2
Bc7 9. e4 dxe4 10. Ndxe4 Nxe4 11. Nxe4 e5 12. d5 cxd5 13. cxd5 Nb6 14. d6 Bb8
15. Bg5 f6 16. Qb3+ Kh8 17. Be3 f5 18. d7 Qxd7 19. Rfd1 Qe8 20. Nd6 Bxd6 21.
Rxd6 f4 22. Bxb6 axb6 23. Qxb6 Ra6 24. Qc7 Rxd6 25. Qxd6 f3 26. Bf1 Bd7 27. Re1
e4 28. Rxe4 Qc8 29. Re7 Bc6 30. Qd4 Rf6 31. b4 Qf8 32. Qe5 Rf5 33. Qe3 Rf7 34.
Rxf7 Qxf7 35. b5 Bd5 36. a4 h6 37. Qc5 Be4 38. Bc4 Qd7 39. h4 Qd8 40. Kh2 b6
41. Qe3 Bb7 42. Qe6 Bc8 43. Qf7 Bg4 44. Bd5 h5 45. Bxf3 Bxf3 46. Qxf3 g6 47.
Qf7 Qd4 48. Qf4 Qd8 49. Qh6+ 1-0

[Event "Ifjusagi csapatbajnoksag"]
[Site "Budapest"]
[Date "2015.08.28"]
[Round "5.10"]
[White "Varga, Melinda"]
[Black "Orosz, Andras"]
[Result "1/2-1/2"]
[WhiteElo "2135"]
[BlackElo "2281"]
[PlyCount "54"]
[EventDate "2015.??.??"]

1. Nf3 d5 2. g3 Nf6 3. Bg2 b5 4. d4 e6 5. O-O Bb7 6. b3 b4 7. Bb2 Nbd7 8. c4
bxc3 9. Nxc3 Be7 10. Rc1 O-O 11. Na4 Rc8 12. Nc5 Nxc5 13. dxc5 c6 14. Qd4 Ne8
15. Qa4 a5 16. Nd4 e5 17. Nf5 f6 18. Rfd1 g6 19. Ne3 Qc7 20. Bc3 Ra8 21. Be1 e4
22. Nxd5 cxd5 23. c6 Bc8 24. Rxd5 Be6 25. Rxa5 Rxa5 26. Bxa5 Qe5 27. Bxe4 Nd6
1/2-1/2

[Event "Ifjusagi csapatbajnoksag"]
[Site "Budapest"]
[Date "2015.08.28"]
[Round "5.11"]
[White "Haszon, Kamilla Sara"]
[Black "Szukics, Adam"]
[Result "1-0"]
[WhiteElo "2000"]
[BlackElo "2058"]
[PlyCount "139"]
[EventDate "2015.??.??"]

1. e4 e5 2. Nf3 Nc6 3. Nc3 g6 4. d4 exd4 5. Nxd4 Bg7 6. Nxc6 bxc6 7. Bc4 d6 8.
O-O Nf6 9. Bg5 O-O 10. f4 Qe8 11. Qd3 Rb8 12. Bb3 Nd7 13. Qf3 Nc5 14. Rae1 Ba6
15. Rf2 h6 16. Bh4 Bd4 17. e5 d5 18. Kh1 Bxf2 19. Bxf2 Nxb3 20. axb3 Qd7 21. g4
Bc8 22. h3 a6 23. Na4 Re8 24. Nc5 Qe7 25. Qd3 Rb5 26. e6 Rxc5 27. exf7+ Qxf7
28. Rxe8+ Qxe8 29. Bxc5 Kf7 30. Kg2 Qe6 31. b4 Kg8 32. Qe3 Kf7 33. c3 Qxe3 34.
Bxe3 Ke6 35. Bd4 h5 36. Kg3 Kf7 37. Be5 c5 38. bxc5 c6 39. Kh4 hxg4 40. hxg4
Bd7 41. Kg5 Bc8 42. f5 gxf5 43. gxf5 Bd7 44. Bc7 Bc8 45. Kf4 Kf6 46. Bd8+ Kf7
47. Ke5 Ke8 48. Bg5 Kf7 49. Bh4 Ke8 50. f6 Bg4 51. Kd6 Bf3 52. Kc7 a5 53. Bg5
d4 54. cxd4 a4 55. Kd6 Bg2 56. Kc7 Bf3 57. Kb6 Bd5 58. Ka5 Bb3 59. Kb4 Kf7 60.
d5 Bxd5 61. Kxa4 Bc4 62. Ka5 Bd3 63. Kb6 Bb5 64. b3 Kg6 65. Bh4 Kf7 66. Kc7 Ke6
67. Bg5 Kf7 68. Kd7 Kf8 69. Ke6 Be2 70. Bh6+ 1-0

[Event "Ifjusagi csapatbajnoksag"]
[Site "Budapest"]
[Date "2015.08.28"]
[Round "5.13"]
[White "Ngo Tan, Don"]
[Black "Antal, Tibor Kende"]
[Result "1/2-1/2"]
[WhiteElo "2309"]
[BlackElo "2351"]
[PlyCount "60"]
[EventDate "2015.??.??"]

1. d4 Nf6 2. c4 e6 3. Nf3 d5 4. cxd5 exd5 5. Nc3 c6 6. Bg5 h6 7. Bh4 Bf5 8. e3
Nbd7 9. Bd3 Bxd3 10. Qxd3 Bd6 11. O-O O-O 12. Qf5 Re8 13. Rfe1 Qb6 14. Rab1 Re6
15. Bg3 Bxg3 16. hxg3 Rae8 17. Nd2 Qd8 18. b4 Nb6 19. Rec1 a6 20. a4 Nc8 21. b5
Nd6 22. Qd3 axb5 23. axb5 Ng4 24. bxc6 bxc6 25. Nd1 Ne4 26. Nxe4 dxe4 27. Qe2
h5 28. Rc5 g6 29. Rbc1 Qf6 30. Nc3 Rb8 1/2-1/2

[Event "Ifjusagi csapatbajnoksag"]
[Site "Budapest"]
[Date "2015.08.28"]
[Round "5.14"]
[White "Kaczur, Florian"]
[Black "Grimm, Gyorgy"]
[Result "1-0"]
[WhiteElo "2345"]
[BlackElo "2181"]
[PlyCount "93"]
[EventDate "2015.??.??"]

1. e4 d5 2. exd5 Qxd5 3. Nc3 Qa5 4. d4 Nf6 5. Bd2 c6 6. Bc4 Qc7 7. Nge2 Bf5 8.
Ng3 Bg6 9. Qe2 e6 10. h4 h5 11. O-O-O Bd6 12. Nge4 Nxe4 13. Nxe4 Bxe4 14. Qxe4
Nd7 15. Kb1 O-O-O 16. Qf3 Nf6 17. Bg5 Be7 18. Bb3 Rd7 19. c3 Qd8 20. g3 Nd5 21.
Bd2 Bf6 22. Rhe1 Kb8 23. a3 g6 24. c4 Nc7 25. Bc3 Rf8 26. Qe4 Ka8 27. Rd3 Ne8
28. Red1 Nd6 29. Qe1 Re8 30. Qd2 Ne4 31. Qc2 Nxc3+ 32. bxc3 Qa5 33. Ka2 Red8
34. f4 Be7 35. Qb2 Qb6 36. c5 Qa5 37. Bc4 b6 38. Qb4 Qxb4 39. axb4 a5 40. b5
bxc5 41. bxc6 Rd6 42. d5 Ka7 43. c7 Rc8 44. dxe6 Rxd3 45. Rxd3 Kb6 46. exf7
Rxc7 47. Rd8 1-0

[Event "Ifjusagi csapatbajnoksag"]
[Site "Budapest"]
[Date "2015.08.28"]
[Round "5.15"]
[White "Medve, Mark"]
[Black "Dankhazi, Andras"]
[Result "1/2-1/2"]
[WhiteElo "2088"]
[BlackElo "2232"]
[PlyCount "62"]
[EventDate "2015.??.??"]

1. d4 Nf6 2. c4 e6 3. Nf3 d5 4. cxd5 exd5 5. Bg5 Bb4+ 6. Nc3 h6 7. Bxf6 Qxf6 8.
Qb3 c5 9. e3 Nc6 10. a3 c4 11. Qd1 Bxc3+ 12. bxc3 Bf5 13. Be2 O-O 14. O-O b5
15. Nd2 a5 16. Bf3 Rfd8 17. e4 dxe4 18. Nxe4 Bxe4 19. Bxe4 Rab8 20. Qf3 Qxf3
21. Bxf3 Ne7 22. Rfe1 Nd5 23. Bxd5 Rxd5 24. Rab1 b4 25. axb4 axb4 26. Rxb4 Rxb4
27. cxb4 Rxd4 28. Re8+ Kh7 29. g3 c3 30. Rc8 Rxb4 31. Rxc3 g6 1/2-1/2

[Event "Ifjusagi csapatbajnoksag"]
[Site "Budapest"]
[Date "2015.08.28"]
[Round "5.16"]
[White "Benedeczky, Lehel"]
[Black "Wanger, Tamas"]
[Result "1/2-1/2"]
[WhiteElo "2111"]
[BlackElo "2049"]
[PlyCount "71"]
[EventDate "2015.??.??"]

1. d4 d5 2. c4 c6 3. Nc3 Nf6 4. e3 e6 5. Nf3 Nbd7 6. Bd3 Be7 7. O-O O-O 8. e4
dxe4 9. Nxe4 c5 10. Nxc5 Nxc5 11. dxc5 Bxc5 12. Bg5 h6 13. Bh4 Be7 14. Qe2 Qc7
15. Ne5 Rd8 16. Rad1 b6 17. Rd2 Bb7 18. Rfd1 Rac8 19. a3 Ba8 20. b4 Qb7 21. f3
Qc7 22. Re1 Nh5 23. Bxe7 Qxe7 24. Qe3 Nf6 25. Red1 Qc7 26. Bf1 Rxd2 27. Rxd2
Rd8 28. Rd4 Kf8 29. Qd2 Rxd4 30. Qxd4 Ke7 31. a4 Nd7 32. Nxd7 Qxd7 33. Qxg7
Qxa4 34. Qxh6 Qxb4 35. Qh4+ Kd7 36. Qd4+ 1/2-1/2

[Event "Ifjusagi csapatbajnoksag"]
[Site "Budapest"]
[Date "2015.08.28"]
[Round "5.17"]
[White "Egyed, Judit"]
[Black "Gal, Hanna Krisztina"]
[Result "1/2-1/2"]
[WhiteElo "1981"]
[BlackElo "2084"]
[PlyCount "30"]
[EventDate "2015.??.??"]

1. e4 c5 2. Nf3 e6 3. d4 cxd4 4. Nxd4 a6 5. Nc3 Qc7 6. Bd3 Nf6 7. O-O Be7 8.
Kh1 d6 9. f4 Nbd7 10. Nb3 O-O 11. f5 Ne5 12. a4 exf5 13. exf5 b6 14. Bg5 Bb7
15. Bxf6 Bxf6 1/2-1/2

[Event "Ifjusagi csapatbajnoksag"]
[Site "Budapest"]
[Date "2015.08.28"]
[Round "5.18"]
[White "Losonczi, Marcell"]
[Black "Egyed, Viktoria"]
[Result "1-0"]
[WhiteElo "1732"]
[BlackElo "1980"]
[PlyCount "77"]
[EventDate "2015.??.??"]

1. e4 c5 2. Nf3 e6 3. c4 Nc6 4. Nc3 d6 5. d4 cxd4 6. Nxd4 Nf6 7. Be3 Be7 8. Be2
O-O 9. O-O a6 10. f4 Bd7 11. Bf3 Rc8 12. b3 Qa5 13. Rc1 Rfd8 14. Qe2 Bf8 15.
Qf2 Rb8 16. Nxc6 bxc6 17. Na4 c5 18. Nc3 Qc7 19. g4 Bc6 20. g5 Nd7 21. Qh4 Qb7
22. Bg2 Be7 23. Rf3 Nf8 24. Rh3 Rd7 25. Rf1 a5 26. f5 exf5 27. Nd5 Bxd5 28.
cxd5 Qb4 29. Rxf5 a4 30. Rf1 axb3 31. axb3 Ra8 32. Qh5 g6 33. Qh6 Ra3 34. Rhf3
Bd8 35. Bh3 Re7 36. Be6 Qxe4 37. Bxf7+ Rxf7 38. Qxf8+ Rxf8 39. Rxf8+ 1-0

[Event "Ifjusagi csapatbajnoksag"]
[Site "Budapest"]
[Date "2015.08.28"]
[Round "5.19"]
[White "Csati, Oliver"]
[Black "Buzas, Bertalan"]
[Result "1/2-1/2"]
[WhiteElo "2189"]
[BlackElo "2041"]
[PlyCount "80"]
[EventDate "2015.??.??"]

1. e4 c6 2. d4 d5 3. Nc3 dxe4 4. Nxe4 Nf6 5. Nxf6+ exf6 6. g3 Bd6 7. Bg2 O-O 8.
Nf3 Re8+ 9. Be3 f5 10. Qd2 Nd7 11. c4 Nf6 12. O-O Ne4 13. Qc2 Be6 14. Ne5 f6
15. Nd3 Bf7 16. Rfd1 a5 17. Nf4 g5 18. Ne2 Bg6 19. Qb3 Re7 20. c5+ Bf7 21. Qd3
Bxc5 22. dxc5 Qxd3 23. Rxd3 Bc4 24. Bxe4 Rxe4 25. Rd2 Bxe2 26. Rxe2 f4 27. gxf4
gxf4 28. Rae1 Rae8 29. Kg2 fxe3 30. Rxe3 Rg4+ 31. Kf3 Rxe3+ 32. Rxe3 Rb4 33. b3
Kf7 34. Re4 Rb5 35. Rh4 Kg6 36. Rc4 Kf5 37. Rh4 Kg6 38. Rg4+ Kf5 39. Rh4 h5 40.
Rxh5+ Kg6 1/2-1/2

[Event "Ifjusagi csapatbajnoksag"]
[Site "Budapest"]
[Date "2015.08.28"]
[Round "5.20"]
[White "Toth, Kristof Istvan"]
[Black "Gorcsi, Gabor"]
[Result "1/2-1/2"]
[WhiteElo "1974"]
[BlackElo "2192"]
[PlyCount "64"]
[EventDate "2015.??.??"]

1. e4 c5 2. Nf3 Nc6 3. d4 cxd4 4. Nxd4 g6 5. c4 Bg7 6. Nb3 Nf6 7. Nc3 O-O 8.
Be3 d6 9. Be2 Be6 10. Nd4 Nxd4 11. Bxd4 Qa5 12. O-O Rfc8 13. b3 Bd7 14. Qd3 Bc6
15. a3 Qc7 16. b4 b6 17. Rfc1 Qd7 18. Rab1 e6 19. Rd1 Rd8 20. Bf3 Rac8 21. Rbc1
Qe7 22. Qe2 Nd7 23. Bxg7 Kxg7 24. Qd2 Ne5 25. Be2 Be8 26. Qd4 Qf6 27. Nb1 Ba4
28. Rd2 Bb5 29. f4 Nd7 30. Qxd6 Nc5 31. e5 Qh4 32. g3 Qh3 1/2-1/2

[Event "Ifjusagi csapatbajnoksag"]
[Site "Budapest"]
[Date "2015.08.28"]
[Round "5.21"]
[White "Csuta, Akos Koppany"]
[Black "Acs, Marton"]
[Result "1/2-1/2"]
[WhiteElo "2008"]
[BlackElo "2006"]
[PlyCount "49"]
[EventDate "2015.??.??"]

1. e4 e5 2. Nf3 Nc6 3. Bb5 a6 4. Ba4 Nf6 5. O-O Be7 6. Re1 b5 7. Bb3 d6 8. c3
O-O 9. d3 Nb8 10. a4 Bb7 11. axb5 axb5 12. Rxa8 Bxa8 13. Na3 c6 14. Nc2 Nbd7
15. Ne3 g6 16. Nf1 Re8 17. d4 Bf8 18. Ng3 Bg7 19. Bg5 Qc7 20. Qd2 c5 21. dxe5
dxe5 22. c4 Bc6 23. cxb5 Bxb5 24. Qc2 Nb6 25. Be3 1/2-1/2

[Event "Ifjusagi csapatbajnoksag"]
[Site "Budapest"]
[Date "2015.08.28"]
[Round "5.22"]
[White "Szabo, Benjamin"]
[Black "Kovacs, Judit"]
[Result "1-0"]
[WhiteElo "2005"]
[BlackElo "1910"]
[PlyCount "77"]
[EventDate "2015.??.??"]

1. d4 d5 2. Nf3 Nf6 3. g3 c6 4. Bg2 Bf5 5. O-O e6 6. c4 Nbd7 7. Nc3 h6 8. Nd2
Bb4 9. Qb3 Bxc3 10. bxc3 Qb6 11. c5 Qxb3 12. axb3 e5 13. b4 O-O 14. Bb2 Rfe8
15. e3 exd4 16. cxd4 a6 17. Ra3 Ne4 18. Nb3 Bg6 19. Rfa1 f5 20. Bf1 Rab8 21.
Na5 Re6 22. Bc1 Kh7 23. f3 Nef6 24. Bd2 Be8 25. Bd3 g6 26. Re1 Bf7 27. Bc2 b6
28. Nb3 bxc5 29. bxc5 Ra8 30. Rea1 Nb8 31. Bd3 Re7 32. Kf2 Be6 33. Na5 Bc8 34.
Rb1 Nfd7 35. Rab3 h5 36. R3b2 Kg7 37. Bc2 Re6 38. e4 fxe4 39. Bf4 1-0

[Event "Ifjusagi csapatbajnoksag"]
[Site "Budapest"]
[Date "2015.08.28"]
[Round "5.23"]
[White "Fekete, Agnes"]
[Black "Arvai, Eszter"]
[Result "1-0"]
[WhiteElo "1795"]
[BlackElo "2027"]
[PlyCount "69"]
[EventDate "2015.??.??"]

1. d4 d5 2. Nf3 Nf6 3. Bg5 e6 4. e3 Be7 5. Bd3 O-O 6. O-O Nbd7 7. Nbd2 c5 8. c3
h6 9. Bh4 Qc7 10. Rc1 b6 11. Bb1 Bb7 12. Qc2 g6 13. Bg3 Qd8 14. Ne5 Nxe5 15.
Bxe5 Re8 16. Nf3 Bf8 17. Bxf6 Qxf6 18. h4 h5 19. Ng5 e5 20. f4 exd4 21. f5 Qe5
22. fxg6 f6 23. g7 Bxg7 24. Qh7+ Kf8 25. Rxf6+ Qxf6 26. Rf1 Qxf1+ 27. Kxf1 Ba6+
28. Kg1 d3 29. Bxd3 Bxd3 30. Qxd3 Re5 31. Qf1+ Kg8 32. Qf7+ Kh8 33. Qxh5+ Kg8
34. Qg6 Rae8 35. h5 1-0

[Event "Ifjusagi csapatbajnoksag"]
[Site "Budapest"]
[Date "2015.08.28"]
[Round "5.25"]
[White "Pribelszky, Bence"]
[Black "Bohus, Adam"]
[Result "0-1"]
[WhiteElo "2176"]
[BlackElo "2170"]
[PlyCount "66"]
[EventDate "2015.??.??"]

1. e4 e5 2. Nf3 Nc6 3. Bc4 Bc5 4. c3 Nf6 5. d3 Bb6 6. Nbd2 d6 7. Bb3 Ne7 8. Nf1
Ng6 9. h3 h6 10. Ng3 O-O 11. O-O d5 12. exd5 Nxd5 13. Re1 c6 14. d4 exd4 15.
cxd4 Be6 16. Re4 Qd6 17. Ne5 Nxe5 18. dxe5 Qe7 19. Bd2 f5 20. Re1 Rae8 21. Qf3
g5 22. Qh5 Qg7 23. h4 Bf7 24. Qe2 Be6 25. hxg5 hxg5 26. Qh5 Bd8 27. Qf3 g4 28.
Qd3 f4 29. Ne4 g3 30. Re2 f3 31. gxf3 gxf2+ 32. Kxf2 Bh4+ 33. Kf1 Bh3+ 0-1

[Event "Ifjusagi csapatbajnoksag"]
[Site "Budapest"]
[Date "2015.08.28"]
[Round "5.26"]
[White "Csordas, David"]
[Black "Kassay, Krisztian"]
[Result "1-0"]
[WhiteElo "1819"]
[BlackElo "2153"]
[PlyCount "75"]
[EventDate "2015.??.??"]

1. e4 c5 2. Nf3 d6 3. d4 cxd4 4. Nxd4 Nf6 5. Nc3 a6 6. Be3 e5 7. Nb3 Be6 8. h3
Be7 9. f4 exf4 10. Bxf4 Nc6 11. Qe2 O-O 12. O-O-O Qc7 13. g4 Rfe8 14. g5 Nd7
15. h4 Nde5 16. Bh3 b5 17. h5 b4 18. Nd5 Bxd5 19. Rxd5 a5 20. Bf5 a4 21. Na1 a3
22. b3 Nd4 23. Qe3 Ne2+ 24. Qxe2 Qc3 25. Qg2 Qxa1+ 26. Kd2 Qc3+ 27. Kd1 Qa1+
28. Bc1 f6 29. g6 h6 30. Ke2 Rac8 31. Be6+ Kh8 32. Bxh6 Rxc2+ 33. Bd2 Qc3 34.
h6 Qf3+ 35. Qxf3 Nxf3 36. Kxf3 Rxa2 37. hxg7+ Kxg7 38. Rh7+ 1-0

[Event "Ifjusagi csapatbajnoksag"]
[Site "Budapest"]
[Date "2015.08.28"]
[Round "5.27"]
[White "Vanczak, Tamas"]
[Black "Kovacs, Bence"]
[Result "1-0"]
[WhiteElo "2071"]
[BlackElo "1921"]
[PlyCount "75"]
[EventDate "2015.??.??"]

1. e4 e5 2. Nf3 Nc6 3. Bc4 Bc5 4. c3 Nf6 5. d3 Bb6 6. Nbd2 d6 7. Bb3 Ne7 8. Nf1
c6 9. Ng3 Ng6 10. O-O O-O 11. h3 h6 12. d4 Re8 13. Re1 Bc7 14. Bc2 Be6 15. Nf5
exd4 16. cxd4 d5 17. e5 Nd7 18. Qd2 Bxf5 19. Bxf5 Ndf8 20. Qd3 Ba5 21. Re2 Nh4
22. Nxh4 Qxh4 23. g3 Qe7 24. f4 Rad8 25. Bg4 Ne6 26. Be3 c5 27. f5 cxd4 28.
Bxh6 Nc5 29. f6 Qc7 30. Qf5 g6 31. Qg5 d3 32. Bg7 Rxe5 33. Rxe5 Ne4 34. Qh6
Qb6+ 35. Kh1 Nxg3+ 36. Kg2 Qxb2+ 37. Be2 Qxe5 38. Qh8# 1-0

[Event "Ifjusagi csapatbajnoksag"]
[Site "Budapest"]
[Date "2015.08.28"]
[Round "5.28"]
[White "Szucs, Edina"]
[Black "Kassay, Lilla"]
[Result "0-1"]
[WhiteElo "1736"]
[BlackElo "2017"]
[PlyCount "48"]
[EventDate "2015.??.??"]

1. e4 c5 2. Nf3 d6 3. d4 cxd4 4. Qxd4 Nc6 5. Bb5 Bd7 6. Bxc6 Bxc6 7. Nc3 Nf6 8.
Bg5 e6 9. O-O-O Be7 10. Rhe1 Qc7 11. Qd2 Rc8 12. Nd4 a6 13. f3 b5 14. g4 b4 15.
Nce2 Qa5 16. Kb1 Nxe4 17. fxe4 Bxg5 18. Qd3 Be7 19. Ng3 O-O 20. Rh1 Ba4 21. h4
Bf6 22. Nb3 Qe5 23. c3 bxc3 24. Rc1 c2+ 0-1

[Event "Ifjusagi csapatbajnoksag"]
[Site "Budapest"]
[Date "2015.08.28"]
[Round "5.29"]
[White "Papp, Levente"]
[Black "Dibusz, Domonkos"]
[Result "1-0"]
[WhiteElo "1944"]
[BlackElo "1684"]
[PlyCount "107"]
[EventDate "2015.??.??"]

1. c4 c6 2. Nf3 Nf6 3. g3 d5 4. b3 e6 5. Bg2 Bd6 6. d4 Nbd7 7. O-O O-O 8. Ba3
Bxa3 9. Nxa3 b6 10. Rc1 Bb7 11. e3 Qe7 12. Nb1 Rac8 13. Nc3 Rfd8 14. cxd5 exd5
15. Re1 c5 16. Nd2 cxd4 17. exd4 Qb4 18. Ndb1 a6 19. Qd2 Qd6 20. Re3 Nf8 21.
Rce1 Ng6 22. h4 h6 23. Bh3 Rc7 24. Qe2 Bc8 25. Bg2 Nf8 26. Re5 Bb7 27. Qd3 Ng6
28. R5e2 Re7 29. Rxe7 Nxe7 30. Nd2 Nc6 31. Nf3 Nb4 32. Qf5 Bc8 33. Qb1 Be6 34.
Ne5 Nc6 35. Qd3 Nb4 36. Qe2 Rc8 37. Rc1 b5 38. Qe3 Nc6 39. Ne2 Ne7 40. Rxc8+
Bxc8 41. Qc3 Nd7 42. Nf4 Bb7 43. Nxd7 Qxd7 44. Qc5 Kh7 45. Bh3 f5 46. h5 g6 47.
hxg6+ Nxg6 48. Nh5 Kh8 49. Qb6 Qf7 50. Qd8+ Nf8 51. Nf6 Qg7 52. Nd7 Kg8 53.
Bxf5 Bc6 54. Be6+ 1-0

[Event "Ifjusagi csapatbajnoksag"]
[Site "Budapest"]
[Date "2015.08.28"]
[Round "5.31"]
[White "Nagybiro, Laszlo"]
[Black "Gyimesi, Peter"]
[Result "1-0"]
[WhiteElo "2029"]
[BlackElo "1937"]
[PlyCount "75"]
[EventDate "2015.??.??"]

1. e4 c5 2. c3 Nf6 3. e5 Nd5 4. Nf3 Nc6 5. d4 d6 6. Bc4 e6 7. O-O Be7 8. Na3 a6
9. Nc2 O-O 10. a4 Rb8 11. Bd3 b5 12. exd6 Qxd6 13. axb5 axb5 14. Re1 Bf6 15.
Ng5 Bxg5 16. Bxg5 cxd4 17. cxd4 Ncb4 18. Nxb4 Nxb4 19. Bb1 Bb7 20. Qh5 f5 21.
Qh4 Qd5 22. Qg3 Qxd4 23. Be7 Rfe8 24. Bd6 Rbd8 25. Be5 Qd7 26. Bf6 Ra8 27. Rxa8
Bxa8 28. Bxf5 Bd5 29. Bc3 Nc6 30. Bc2 Rf8 31. Qd3 g6 32. Qxb5 Rf4 33. Bb3 Qa7
34. Bxd5 Qxf2+ 35. Kh1 exd5 36. Qxd5+ Kf8 37. Qd6+ Kf7 38. Qe6+ 1-0

[Event "Ifjusagi csapatbajnoksag"]
[Site "Budapest"]
[Date "2015.08.28"]
[Round "5.32"]
[White "Gorog, Almos"]
[Black "Varadi, Benedek"]
[Result "0-1"]
[WhiteElo "1912"]
[BlackElo "2072"]
[PlyCount "164"]
[EventDate "2015.??.??"]

1. c4 c5 2. g3 Nc6 3. Bg2 g6 4. Nc3 Bg7 5. e4 e6 6. Nge2 Nge7 7. d3 O-O 8. O-O
d6 9. Be3 Nd4 10. Rb1 Nec6 11. a3 a5 12. Bxd4 Nxd4 13. Nxd4 Bxd4 14. Ne2 Bg7
15. Qc2 Qb6 16. Nc3 Bd7 17. f4 a4 18. g4 Qa5 19. f5 Bf6 20. Qd2 g5 21. Rf3 Kg7
22. Rbf1 h6 23. h4 Bd4+ 24. Kh1 f6 25. Qc1 Bxc3 26. Qxc3 b5 27. cxb5 e5 28. Rb1
Bxb5 29. Qxa5 Rxa5 30. Bf1 gxh4 31. Rf2 Bc6 32. Rd2 Rb8 33. Be2 Rab5 34. Bd1
R5b7 35. Kh2 c4 36. Rc2 d5 37. Bf3 dxe4 38. Bxe4 Bxe4 39. dxe4 c3 40. Rxc3
Rxb2+ 41. Rxb2 Rxb2+ 42. Kg1 Rb3 43. Rc7+ Kg8 44. Rc8+ Kf7 45. Rc7+ Ke8 46.
Rc8+ Kd7 47. Rf8 Ke7 48. Ra8 Rxa3 49. Ra7+ Kd8 50. Rf7 Rg3+ 51. Kf2 Rxg4 52.
Rxf6 Rxe4 53. Kf3 Rf4+ 54. Ke3 a3 55. Ra6 Rxf5 56. Ke4 Rg5 57. Rxa3 Ke7 58. Rh3
h5 59. Kd5 Kf6 60. Rxh4 Rf5 61. Ke4 Kg6 62. Rh1 Rg5 63. Rh2 Kf6 64. Kd5 Kf5 65.
Rf2+ Kg4 66. Ke4 Kg3 67. Ra2 h4 68. Ra3+ Kg4 69. Ke3 h3 70. Kf2 Rf5+ 71. Kg1
Rf3 72. Ra8 e4 73. Rg8+ Kf4 74. Rf8+ Ke3 75. Re8 Rf7 76. Ra8 Rh7 77. Ra3+ Kf4
78. Ra8 Rh4 79. Rf8+ Kg3 80. Re8 Kf3 81. Kh2 e3 82. Rf8+ Rf4 0-1